Implementación de un ensamblador para la CPUCR en Perl
Salvato in:
| Autore principale: | |
|---|---|
| Altri autori: | |
| Natura: | Libro |
| Pubblicazione: |
[San José, Costa Rica]
2003
|
| Soggetti: | |
| Tags: |
Aggiungi Tag
Nessun Tag, puoi essere il primo ad aggiungerne!!
|
MARC
| LEADER | 00000nam a2200000Ia 4500 | ||
|---|---|---|---|
| 003 | 009194 | ||
| 005 | 20240529104304.0 | ||
| 008 | 140114s2003 cr a m 000 ||s d | ||
| 040 | |c cru CEDI | ||
| 090 | |a TFG 4734 | ||
| 100 | |a Guevara Víquez, Ernesto, 1980- |9 3155 | ||
| 245 | |a Implementación de un ensamblador para la CPUCR en Perl | ||
| 260 | |a [San José, Costa Rica] |c 2003 | ||
| 300 | |a viii, 141 hojas : ilustraciones | ||
| 500 | |a Proyecto de graduación (bachillerato en ingeniería eléctrica)--Universidad de Costa Rica. Facultad de Ingeniería. Escuela de Ingeniería Eléctrica | ||
| 501 | |a Profesor Guía de Proyecto Eléctrico: Ph.D. Lochi Yu Lo | ||
| 650 | |x COMPILACION (COMPUTADORAS ELECTRONICAS) |x CPUCR (MICROPROCESADOR) |x DISEÑO |x PERL (LENGUAJE DE PROGRAMACION PARA COMPUTADORA) |9 6922 | ||
| 700 | |a Lochi Yu Lo |d Director de Proyecto Eléctrico |9 841 | ||
| 942 | |c TFG |h TFG 4734 |i 009194 |6 TFG_4734_009194000000000 | ||
| 999 | |c 17747 |d 17747 | ||
